La teoría del estímulo-respuesta y la personalidad: Bandura y Walters, Dollard y Miller, Eysenck y Wolpe

Guardat en:
Dades bibliogràfiques
Autors principals: Hall, Calvin S (Autor), Lindzey, Gardner (Autor)
Format: Llibre
Idioma:espanyol
Publicat: Buenos Aires Paidós 1974
Edició:1a. ed
Col·lecció:Biblioteca del Hombre Contemporáneo, 284
Matèries:
Etiquetes: Afegir etiqueta
Sense etiquetes, Sigues el primer a etiquetar aquest registre!

MARC

LEADER 00000cam a2200000 a 4500
001 UCG9175
003 CL-VaPUC
008 120127e19740000AG |||||||||||||||||spa|d
082 0 4 |a 155.2  |b HAL  |2 21 
100 |a Hall, Calvin S  |e author  |9 570729 
700 0 |a Lindzey, Gardner  |e author  |9 560629 
245 1 3 |a La teoría del estímulo-respuesta y la personalidad: Bandura y Walters, Dollard y Miller, Eysenck y Wolpe 
250 |a 1a. ed 
300 |a 121 p 
942 |c BK 
945 |d 20120127 00:00:00  |a dcastane 
260 |a Buenos Aires  |b Paidós  |c 1974 
650 0 |a Psicología   |9 257863 
650 0 |a Psicoanálisis   |9 265702 
650 0 |a Personalidad   |9 307255 
650 0 |a Psicología individual  |9 309049 
650 0 |a Psicología del desarrollo  |9 307541 
583 |a last modification  |c 20120127 09:50:00  |k Rodrigo Vera 
490 0 |a Biblioteca del Hombre Contemporáneo, 284 
999 |c 346742  |d 346740 
952 |0 0  |1 0  |4 0  |6 155_200000000000000_HAL_1974  |7 0  |8 P  |9 447558  |a BIBEDU  |b BIBEDU  |c BIBEDU_PB  |d 2019-11-22  |i 4837118  |o 155.2 HAL 1974  |p 4837118  |r 2024-01-25  |w 2019-11-22  |y BK  |k EDI